<?xml version="1.0" encoding="UTF-8"?>
<collection xmlns="http://www.loc.gov/MARC21/slim">
 <record>
  <leader>02741cam a2200397   4500</leader>
  <controlfield tag="001">1663444005</controlfield>
  <controlfield tag="003">DE-627</controlfield>
  <controlfield tag="005">20201210135033.0</controlfield>
  <controlfield tag="007">tu</controlfield>
  <controlfield tag="008">190418s2018    au ||||| c    00| ||ger c</controlfield>
  <datafield tag="020" ind1=" " ind2=" ">
   <subfield code="a">9783990201855</subfield>
   <subfield code="9">978-3-99020-185-5</subfield>
  </datafield>
  <datafield tag="035" ind1=" " ind2=" ">
   <subfield code="a">(DE-627)1663444005</subfield>
  </datafield>
  <datafield tag="035" ind1=" " ind2=" ">
   <subfield code="a">(DE-599)BVBBV045531068</subfield>
  </datafield>
  <datafield tag="035" ind1=" " ind2=" ">
   <subfield code="a">(OCoLC)1197853463</subfield>
  </datafield>
  <datafield tag="035" ind1=" " ind2=" ">
   <subfield code="a">(DE-604)BV045531068</subfield>
  </datafield>
  <datafield tag="040" ind1=" " ind2=" ">
   <subfield code="a">DE-627</subfield>
   <subfield code="b">ger</subfield>
   <subfield code="c">DE-627</subfield>
   <subfield code="e">rda</subfield>
  </datafield>
  <datafield tag="041" ind1=" " ind2=" ">
   <subfield code="a">ger</subfield>
  </datafield>
  <datafield tag="044" ind1=" " ind2=" ">
   <subfield code="c">XA-AT</subfield>
  </datafield>
  <datafield tag="082" ind1="0" ind2="4">
   <subfield code="a">750</subfield>
   <subfield code="q">DE-101</subfield>
  </datafield>
  <datafield tag="100" ind1="1" ind2=" ">
   <subfield code="a">Gruber, Gerlinde</subfield>
   <subfield code="e">VerfasserIn</subfield>
   <subfield code="0">(DE-588)1223123413</subfield>
   <subfield code="0">(DE-627)1742491138</subfield>
   <subfield code="4">aut</subfield>
  </datafield>
  <datafield tag="245" ind1="1" ind2="0">
   <subfield code="a">Albtraumhaft schön</subfield>
   <subfield code="b">Rubens’ Wiener Medusenhaupt trifft auf die Brünner Fassung</subfield>
   <subfield code="c">Kunsthistorisches Museum Wien, Texte: Gerlinde Gruber &amp; Petr Tomášek</subfield>
  </datafield>
  <datafield tag="264" ind1=" " ind2="1">
   <subfield code="a">Wien</subfield>
   <subfield code="b">Kunsthistorisches Museum Wien</subfield>
   <subfield code="c">[2018]</subfield>
  </datafield>
  <datafield tag="300" ind1=" " ind2=" ">
   <subfield code="a">36 Seiten</subfield>
  </datafield>
  <datafield tag="336" ind1=" " ind2=" ">
   <subfield code="a">Text</subfield>
   <subfield code="b">txt</subfield>
   <subfield code="2">rdacontent</subfield>
  </datafield>
  <datafield tag="336" ind1=" " ind2=" ">
   <subfield code="a">unbewegtes Bild</subfield>
   <subfield code="b">sti</subfield>
   <subfield code="2">rdacontent</subfield>
  </datafield>
  <datafield tag="337" ind1=" " ind2=" ">
   <subfield code="a">ohne Hilfsmittel zu benutzen</subfield>
   <subfield code="b">n</subfield>
   <subfield code="2">rdamedia</subfield>
  </datafield>
  <datafield tag="338" ind1=" " ind2=" ">
   <subfield code="a">Band</subfield>
   <subfield code="b">nc</subfield>
   <subfield code="2">rdacarrier</subfield>
  </datafield>
  <datafield tag="490" ind1="1" ind2=" ">
   <subfield code="a">Ansichtssache</subfield>
   <subfield code="v">23</subfield>
  </datafield>
  <datafield tag="520" ind1=" " ind2=" ">
   <subfield code="a">Zusammenfassung: &quot;Rubens produced a famous Head of Medusa already much celebrated by his contemporaries: in 1629/30, Constantijn Huygens saw a version in the collection of his friend Nicolas Sohier in Amsterdam, and he begins his report by describing his inability to forget the painting ? and noting how glad he is that it hangs in his friend?s house and not his own. There were two versions of this terribly beautiful composition: at the time, the Duke of Buckingham owned the picture now in the Kunsthistorisches Museum in Vienna. For the first time ever, Point of View #23 reunites and juxtaposes the two versions: the Moravian Gallery in Brno has agreed to loan their Medusa, executed in oil on panel, to the Kunsthistorisches Museum so that both paintings can be examined and studied together, in collaboration with the University of Antwerp, as part of a project supported by the Flemish government.&quot; -- from http://www.khm.at/en/visit/exhibitions/point-of-view-23/ (viewed 10 January 2019)</subfield>
  </datafield>
  <datafield tag="655" ind1=" " ind2="7">
   <subfield code="a">Ausstellungskatalog</subfield>
   <subfield code="x">Kunsthistorisches Museum Wien</subfield>
   <subfield code="y">30.11.2018-24.03.2019</subfield>
   <subfield code="z">Wien</subfield>
   <subfield code="0">(DE-588)4135467-9</subfield>
   <subfield code="0">(DE-627)10566491X</subfield>
   <subfield code="0">(DE-576)209660988</subfield>
   <subfield code="2">gnd-content</subfield>
  </datafield>
  <datafield tag="700" ind1="1" ind2=" ">
   <subfield code="a">Tomášek, Petr</subfield>
   <subfield code="e">VerfasserIn</subfield>
   <subfield code="4">aut</subfield>
  </datafield>
  <datafield tag="710" ind1="2" ind2=" ">
   <subfield code="a">Kunsthistorisches Museum Wien</subfield>
   <subfield code="e">Herausgebendes Organ</subfield>
   <subfield code="0">(DE-588)2016751-9</subfield>
   <subfield code="0">(DE-627)101912218</subfield>
   <subfield code="0">(DE-576)191705764</subfield>
   <subfield code="4">isb</subfield>
  </datafield>
  <datafield tag="776" ind1="0" ind2="8">
   <subfield code="i">Erscheint auch als</subfield>
   <subfield code="n">Online-Ausgabe</subfield>
   <subfield code="a">Gruber, Gerlinde</subfield>
   <subfield code="t">Albtraumhaft schön</subfield>
   <subfield code="d">Wien : Kunsthistorisches Museum, 2018</subfield>
   <subfield code="h">1 Online-Ressource (36 Seiten)</subfield>
   <subfield code="w">(DE-627)1691053147</subfield>
  </datafield>
  <datafield tag="830" ind1=" " ind2="0">
   <subfield code="a">Ansichtssache</subfield>
   <subfield code="v">23</subfield>
   <subfield code="9">23</subfield>
   <subfield code="w">(DE-627)721935346</subfield>
   <subfield code="w">(DE-576)394708970</subfield>
   <subfield code="w">(DE-600)2676017-4</subfield>
  </datafield>
  <datafield tag="951" ind1=" " ind2=" ">
   <subfield code="a">BO</subfield>
  </datafield>
  <datafield tag="999" ind1=" " ind2=" ">
   <subfield code="a">KXP-PPN1663444005</subfield>
   <subfield code="e">3746215471</subfield>
  </datafield>
 </record>
</collection>
